El norte grande: III jornadas territoriales

-д хадгалсан:
Номзүйн дэлгэрэнгүй
Байгууллагын зохиогч: Instituto de Investigaciones del Patrimonio Territorial de Chile (Зохиогч)
Формат: Ном
Хэл сонгох:испани
Хэвлэсэн: Santiago Universidad de Santiago de Chile 1989
Цуврал:Colección Terra Nostra, 14
Нөхцлүүд:
Шошгууд: Шошго нэмэх
Шошго байхгүй, Энэхүү баримтыг шошголох эхний хүн болох!

MARC

LEADER 00000nam a2200000 a 4500
001 UCI2159
003 CL-VaPUC
008 070803e19890000CL |||||||||||||||||spa|d
082 0 4 |a 983.01  |b INS  |2 21 
110 2 |a Instituto de Investigaciones del Patrimonio Territorial de Chile  |e author  |9 523047 
245 1 3 |a El norte grande: III jornadas territoriales 
300 |a 308 p 
942 |c BK 
945 |d 20070803 00:00:00  |a jtorresc 
260 |a Santiago  |b Universidad de Santiago de Chile  |c 1989 
600 0 7 |a NORTE GRANDE  |2 CL-VaPUC  |9 523048 
600 0 7 |a ZONA CENTRAL  |2 CL-VaPUC  |9 523049 
600 0 7 |a VALLES TRANSVERSALES  |2 CL-VaPUC  |9 523050 
650 0 |a Historia  |9 255047 
650 0 |a Civilizaciones  |9 267192 
650 0 |a Cultura  |9 269059 
650 0 |a Conquista  |9 339504 
583 |a last modification  |c 20070803 00:00:00  |k Rodrigo Vera 
490 0 |a Colección Terra Nostra, 14 
999 |c 326794  |d 326792 
952 |0 0  |1 0  |4 0  |6 983_010000000000000_INS_1989  |7 0  |8 A  |9 408934  |a BIBING  |b BIBING  |d 2019-11-22  |i 4030532  |o 983.01 INS 1989  |p 4030532  |r 2025-01-20  |w 2019-11-22  |y BK  |k GEO